[Event "394"]
[Site "http://www.queenalice.com/game.php?id=371079"]
[Date "2008.3.17"]
[Round "-"]
[White "xadrez1504"]
[Black "phystutordotcom"]
[Result "0-1"]
[WhiteElo "1244"]
[BlackElo "2073"]

1. d4 g6 2. Nf3 Bg7 3. g3 c6 4. e3 Nf6 5. Bg2 O-O 6. c3 d5 7. Nbd2 Nbd7 8. O-O
Ne4 9. Qe2 Nxd2 10. Bxd2 e5 11. dxe5 Nxe5 12. Rad1 Bf5 13. Bc1 Bg4 14. h3 Bxf3
15. Bxf3 Nxf3+ 16. Qxf3 f5 17. Bd2 Qf6 18. Kg2 Rae8 19. Rfe1 Re6 20. Re2 Rfe8
21. Kf1 Qe5 22. Qg2 Qe4 23. Qxe4 fxe4 24. Kg2 Rf8 25. Rf1 Rf3 0-1

[Event "405"]
[Site "http://www.queenalice.com/game.php?id=372127"]
[Date "2008.3.17"]
[Round "-"]
[White "phystutordotcom"]
[Black "xadrez1504"]
[Result "1-0"]
[WhiteElo "2077"]
[BlackElo "1244"]

1. Nf3 d5 2. d3 Nf6 3. Nbd2 e6 4. e4 c6 5. e5 Nfd7 6. d4 Be7 7. g3 c5 8. c3 c4
9. Bg2 Nc6 10. O-O Qb6 11. Re1 Nf8 12. Rf1 Ng6 13. Ne1 O-O 14. f4 f6 15. f5 exf5
16. Bxd5+ Kh8 17. exf6 Bxf6 18. Nxc4 Qc7 19. b3 Nce7 20. Bg2 Rb8 21. Bb2 Rd8 22.
Nf3 Nd5 23. Qd2 Be6 24. Qf2 b5 25. Ne3 1-0

[Event "406"]
[Site "http://www.queenalice.com/game.php?id=372128"]
[Date "2008.3.17"]
[Round "-"]
[White "xadrez1504"]
[Black "phystutordotcom"]
[Result "0-1"]
[WhiteElo "1244"]
[BlackElo "2079"]

1. d4 g6 2. Nf3 Bg7 3. g3 c6 4. Bg2 d5 5. O-O Nd7 6. c3 Ngf6 7. Be3 O-O 8. Nbd2
Ng4 9. Bf4 e5 10. dxe5 Ngxe5 11. Re1 Qb6 12. Nb3 Nxf3+ 13. Bxf3 Ne5 14. Bg2 Ng4
15. Rf1 f5 16. h3 Nf6 17. Kh2 Re8 18. Be3 Qc7 19. Bf4 Qf7 20. Qd2 Ne4 21. Bxe4
fxe4 22. f3 exf3 23. Rxf3 Bf5 24. Re1 Be4 25. Rff1 Qe7 26. Be3 b6 27. Bd4 c5 0-1

[Event "408"]
[Site "http://www.queenalice.com/game.php?id=372130"]
[Date "2008.3.17"]
[Round "-"]
[White "xadrez1504"]
[Black "phystutordotcom"]
[Result "0-1"]
[WhiteElo "1244"]
[BlackElo "2075"]

1. d4 g6 2. Nf3 Bg7 3. g3 c6 4. e3 Nf6 5. Bg2 O-O 6. c3 d5 7. Nbd2 Nbd7 8. O-O
Ne4 9. Qe2 e5 10. Nxe4 dxe4 11. Nxe5 Nxe5 12. dxe5 Bf5 13. Qc2 Bxe5 14. Bxe4
Bxe4 15. Qxe4 Re8 16. Qc2 Qc7 17. Bd2 Rad8 18. e4 Rd7 19. Bh6 Bg7 20. Bf4 Qd8
21. Rfe1 Rde7 22. f3 f5 23. Rad1 Qb6+ 24. Be3 Qa6 25. Qb3+ Kh8 0-1

[Event "Xadrez 16"]
[Site "http://www.queenalice.com/game.php?id=372559"]
[Date "2008.3.17"]
[Round "-"]
[White "filipe_pinheiro"]
[Black "xadrez1504"]
[Result "1-0"]
[WhiteElo "2131"]
[BlackElo "1244"]

1. d4 d5 2. c4 Nf6 3. Nf3 c6 4. Nc3 e6 5. e3 Bd6 6. Qc2 Nbd7 7. g4 h6 8. Bd2 g5
9. h3 dxc4 10. Bxc4 Nb6 11. Bb3 Bd7 12. e4 Bb4 13. O-O-O Bxc3 14. Bxc3 Qc7 15.
Ne5 Nc8 16. Rhe1 Ne7 17. Kb1 Rf8 18. Nxd7 Qxd7 19. d5 1-0

[Event "Xadrez 15"]
[Site "http://www.queenalice.com/game.php?id=372619"]
[Date "2008.3.17"]
[Round "-"]
[White "xadrez1504"]
[Black "filipe_pinheiro"]
[Result "0-1"]
[WhiteElo "1244"]
[BlackElo "2131"]

1. d4 d5 2. Nf3 Nf6 3. e3 e6 4. c3 Bd6 5. Bd3 Nc6 6. Nbd2 O-O 7. e4 e5 8. exd5
Nxd5 9. h4 exd4 10. Bxh7+ Kh8 11. Ng5 Qe7+ 12. Be4 Nf6 13. cxd4 Nxd4 14. O-O Qe5
0-1

[Event "AUTO-OPEN-1059"]
[Site "http://www.queenalice.com/game.php?id=372868"]
[Date "2008.3.18"]
[Round "1"]
[White "xadrez1504"]
[Black "rubenov"]
[Result "0-1"]
[WhiteElo "1100"]
[BlackElo "1916"]

1. d4 d5 2. Nf3 Nc6 3. e3 a6 4. Bd3 Bg4 5. Nbd2 Nf6 6. c3 e6 7. O-O Bd6 8. h3
Bh5 9. Qe2 O-O 10. e4 dxe4 11. Nxe4 Nxe4 12. Bxe4 Qd7 13. Qd3 f5 14. Bxc6 Qxc6
15. Ng5 Rae8 16. Re1 e5 17. dxe5 Bxe5 18. g4 Bg6 19. Qf3 fxg4 20. Qxc6 bxc6 21.
hxg4 Bh2+ 22. Kf1 Bd3+ 0-1

[Event "AUTO-OPEN-1059"]
[Site "http://www.queenalice.com/game.php?id=372889"]
[Date "2008.3.18"]
[Round "1"]
[White "josecastroman"]
[Black "xadrez1504"]
[Result "1-0"]
[WhiteElo "1885"]
[BlackElo "1272"]

1. e4 c5 2. Nf3 Nc6 3. a3 e6 4. Bc4 d5 5. exd5 exd5 6. Ba2 Nf6 7. h3 Be7 8. d4
c4 9. c3 O-O 10. Bf4 Re8 11. O-O Bd6 12. Bg3 Bxg3 13. fxg3 Qc7 14. g4 Ne4 15.
Nbd2 Ng3 16. Rf2 Bd7 17. Bb1 Re7 18. Nf1 Nxf1 19. Qxf1 Rae8 20. Bf5 Na5 21. Ne5
Bxf5 22. Rxf5 f6 23. Nf3 Qd6 24. Nd2 Re2 25. Rd1 Nc6 26. Rf2 Rxf2 27. Qxf2 Nd8
28. Rf1 Nf7 29. Re1 Rxe1+ 30. Qxe1 g6 31. h4 Kf8 32. g3 Qe7 33. Qf2 Kg7 34. Kf1
Nh6 35. Qf4 g5 36. Qf3 Qe6 37. hxg5 fxg5 38. Qe2 Qxe2+ 39. Kxe2 Nxg4 40. Kf3 h5
41. Nf1 b5 42. Kg2 Kf6 43. Kf3 Kf5 44. Nd2 Nf6 45. Nf1 1-0

[Event "AUTO-OPEN-1059"]
[Site "http://www.queenalice.com/game.php?id=372890"]
[Date "2008.3.18"]
[Round "1"]
[White "xadrez1504"]
[Black "josecastroman"]
[Result "1-0"]
[WhiteElo "1233"]
[BlackElo "1961"]

1. d4 d5 2. Nf3 Nc6 3. e3 a6 4. c3 Nf6 5. Bd3 Bg4 6. Nbd2 e6 7. O-O Bd6 8. h3
Bh5 9. Qe2 Qe7 10. e4 dxe4 11. Nxe4 e5 12. Bg5 h6 13. Bxf6 gxf6 14. d5 Na7 15.
Nxd6+ Qxd6 16. Be4 Rg8 17. c4 Qd7 18. Kh2 f5 19. Bc2 O-O-O 20. Qxe5 Bg6 21. Nh4
Rde8 22. Qd4 Kb8 23. Nxg6 fxg6 24. Rae1 Nc8 25. c5 c6 26. d6 Na7 27. a4 Nc8 28.
Re3 Re6 29. Rxe6 Qxe6 30. Rd1 Rd8 31. Qg7 h5 32. Qc7+ Ka7 33. Qxd8 Qe2 34. d7
1-0

[Event "AUTO-OPEN-1059"]
[Site "http://www.queenalice.com/game.php?id=372903"]
[Date "2008.3.18"]
[Round "1"]
[White "xadrez1504"]
[Black "gmoney1970"]
[Result "0-1"]
[WhiteElo "1272"]
[BlackElo "1669"]

1. d4 d5 2. Nf3 b5 3. e3 a6 4. a4 c6 5. axb5 Bb7 6. bxa6 Nxa6 7. Ne5 f6 8. Qh5+
g6 9. Nxg6 hxg6 10. Qxh8 Nh6 11. e4 g5 12. Qh7 Nb4 13. Rxa8 Qxa8 14. exd5 Qa1
15. c3 Nxd5 16. Qc2 e5 17. Be2 exd4 18. O-O Bc8 19. Re1 Kd8 20. Bh5 Bc5 21. Re8+
Kc7 22. Qh7+ Bd7 23. Bg6 dxc3 24. bxc3 Nxc3 25. Re1 Nxb1 26. Bxb1 Ng4 27. Rd1
Ne5 28. Bf5 Qa2 29. Bxd7 Qxf2+ 30. Kh1 Kb6 0-1

[Event "AUTO-OPEN-1059"]
[Site "http://www.queenalice.com/game.php?id=372904"]
[Date "2008.3.18"]
[Round "1"]
[White "gmoney1970"]
[Black "xadrez1504"]
[Result "0-1"]
[WhiteElo "1685"]
[BlackElo "1225"]

1. e3 d5 2. c4 c6 3. g3 Nf6 4. b3 e6 5. Bb2 Nbd7 6. Bg2 Be7 7. g4 O-O 8. Na3 Qc7
9. g5 Ne8 10. h4 f6 11. gxf6 Nexf6 12. d4 Bxa3 13. Bxa3 Rf7 14. cxd5 Qa5+ 15.
Qd2 Qxd2+ 16. Kxd2 cxd5 17. Ne2 b6 18. Nf4 Bb7 19. Nxe6 Ne4+ 20. Bxe4 dxe4 21.
Rag1 Rxf2+ 22. Kc3 Rc8+ 23. Kb4 a5+ 24. Kb5 Bc6+ 0-1

[Event "AUTO-OPEN-1060"]
[Site "http://www.queenalice.com/game.php?id=373240"]
[Date "2008.3.18"]
[Round "1"]
[White "xadrez1504"]
[Black "bruno_borges"]
[Result "1-0"]
[WhiteElo "1233"]
[BlackElo "1925"]

1. d4 d5 2. Nf3 c6 3. e3 Bf5 4. Nbd2 Nf6 5. g3 Nbd7 6. Bg2 Ne4 7. O-O Ndf6 8. c3
e6 9. Nxe4 Bxe4 10. Qb3 Qc7 11. Re1 Bd6 12. Bd2 O-O-O 13. a4 h6 14. a5 a6 15.
Rec1 g5 16. c4 g4 17. Ne1 h5 18. c5 Be7 19. Qb6 Qxb6 20. axb6 h4 21. Bf1 hxg3
22. fxg3 Rh7 23. Bxa6 bxa6 24. Rxa6 Rd7 25. Ra8+ Kb7 26. Rca1 1-0

[Event "AUTO-OPEN-1060"]
[Site "http://www.queenalice.com/game.php?id=373241"]
[Date "2008.3.18"]
[Round "1"]
[White "bruno_borges"]
[Black "xadrez1504"]
[Result "1-0"]
[WhiteElo "1991"]
[BlackElo "1272"]

1. e4 c5 2. Nf3 Nc6 3. Bb5 d6 4. O-O Bd7 5. c3 Nf6 6. Re1 a6 7. Ba4 b5 8. Bb3 c4
9. Bc2 Bg4 10. h3 Bh5 11. d4 cxd3 12. Qxd3 e5 13. Bg5 Be7 14. Nh4 h6 15. Bxf6
Bxf6 16. Nf5 O-O 17. Qxd6 Qxd6 18. Nxd6 Be7 19. Nf5 Bc5 20. Ng3 Bg6 21. Nd2 Rad8
22. Nb3 Bb6 23. Rad1 Rc8 24. Rd6 Rfd8 25. Red1 f6 26. Rxd8+ Rxd8 27. Kf1 Rxd1+
28. Bxd1 Kf7 29. Bg4 Ke7 30. Nf5+ Bxf5 31. Bxf5 a5 32. Nd2 Kd6 33. c4 b4 34. Nb3
a4 35. Nd2 Nd4 36. Bg6 Bc5 37. Nf3 Nxf3 38. gxf3 b3 39. axb3 axb3 40. Be8 Ba3
41. Ba4 Bxb2 42. Bxb3 Bd4 43. Kg2 Kc5 44. Kg3 Kb4 45. Ba2 Ka3 46. Bb1 Kb2 47.
Bd3 Kc3 48. Bf1 1-0

[Event "AUTO-OPEN-1060"]
[Site "http://www.queenalice.com/game.php?id=373242"]
[Date "2008.3.18"]
[Round "1"]
[White "xadrez1504"]
[Black "mateus_amorim96"]
[Result "0-1"]
[WhiteElo "1233"]
[BlackElo "1697"]

1. d4 e6 2. Nf3 c5 3. c3 Nf6 4. Bg5 Be7 5. e3 cxd4 6. cxd4 b6 7. Nc3 Bb7 8. g3
Nd5 9. Bxe7 Qxe7 10. Bg2 O-O 11. O-O Qf6 12. Rc1 Nxc3 13. Rxc3 d6 14. Qd3 Bxf3
0-1

[Event "AUTO-OPEN-1060"]
[Site "http://www.queenalice.com/game.php?id=373243"]
[Date "2008.3.18"]
[Round "1"]
[White "mateus_amorim96"]
[Black "xadrez1504"]
[Result "1-0"]
[WhiteElo "1774"]
[BlackElo "1272"]

1. d4 d5 2. Nf3 Nf6 3. Bf4 Nc6 4. Nc3 a6 5. g3 e6 6. a3 Bd6 7. Bxd6 Qxd6 8. Bg2
Bd7 9. O-O h6 10. Re1 O-O 11. e4 dxe4 12. Nxe4 Nxe4 13. Rxe4 Rad8 14. c3 Ne7 15.
Re2 c6 16. c4 Qc7 17. c5 Nd5 18. Ne1 Rfe8 19. Qd3 1-0

[Event "AUTO-OPEN-1060"]
[Site "http://www.queenalice.com/game.php?id=373244"]
[Date "2008.3.18"]
[Round "1"]
[White "xadrez1504"]
[Black "THEJEGUE"]
[Result "1-0"]
[WhiteElo "1100"]
[BlackElo "1100"]

1. d4 d5 2. Nf3 f5 3. e3 e6 4. Ne5 Bd6 5. Qh5+ g6 6. Nxg6 Kd7 7. Nxh8 Nf6 8.
Qf7+ Kc6 9. Nc3 Be7 10. Bb5+ Kd6 11. Qg7 Qxh8 12. Qxh8 Bd7 13. Qg7 c6 14. Bd3
Na6 15. Qg3+ f4 16. Qxf4+ e5 17. Qxe5# 1-0

[Event "AUTO-OPEN-1060"]
[Site "http://www.queenalice.com/game.php?id=373245"]
[Date "2008.3.18"]
[Round "1"]
[White "THEJEGUE"]
[Black "xadrez1504"]
[Result "1-0"]
[WhiteElo "1258"]
[BlackElo "1272"]

1. e4 c5 2. g3 Nc6 3. c4 d6 4. Bg2 Nf6 5. d3 g6 6. Ne2 Bg7 7. O-O O-O 8. Be3 Nd7
9. d4 cxd4 10. Nxd4 Qb6 11. Nb3 Qc7 12. Nc3 a6 13. Nd5 Qd8 14. Qd2 e6 15. Nc3
Nce5 16. c5 Nc4 17. Qe2 Nxe3 18. Qxe3 dxc5 19. Rad1 Qe7 20. f4 b6 21. e5 Ra7 22.
Rd6 f6 23. Rfd1 fxe5 24. Ne2 exf4 25. Nxf4 Ne5 26. Rxb6 Nc4 27. Qxc5 Qxc5+ 28.
Nd4 Bxd4+ 29. Kh1 Qxb6 30. b3 Be3 31. bxc4 Bb7 32. h4 1-0

[Event "AUTO-INT-862"]
[Site "http://www.queenalice.com/game.php?id=385111"]
[Date "2008.4.10"]
[Round "1"]
[White "MusicMan"]
[Black "xadrez1504"]
[Result "1-0"]
[WhiteElo "1580"]
[BlackElo "1247"]

1. Nf3 c5 2. g3 Nc6 3. c4 g6 4. Bg2 Bg7 5. O-O Nf6 6. d3 O-O 7. e3 d6 8. Nbd2 a6
9. b3 Nd7 10. Rb1 b5 11. Nh4 Bb7 12. a3 Rb8 13. Nhf3 b4 14. Bb2 Bxb2 15. Rxb2 a5
16. a4 f5 17. Ng5 Rf6 18. Bd5+ Kg7 19. Ne6+ Rxe6 20. Bxe6 1-0

[Event "AUTO-INT-862"]
[Site "http://www.queenalice.com/game.php?id=385112"]
[Date "2008.4.10"]
[Round "1"]
[White "xadrez1504"]
[Black "MusicMan"]
[Result "1-0"]
[WhiteElo "1225"]
[BlackElo "1577"]

1. e4 d5 2. exd5 Qxd5 3. Nf3 Bg4 4. Be2 Nf6 5. Nc3 Qd6 6. O-O a6 7. d4 b5 8. a3
Bf5 9. Nh4 Bc8 10. Nf3 Bb7 11. h3 e6 12. Be3 Be7 13. Ne5 O-O 14. Bf4 Nbd7 15.
Ng6 fxg6 16. Bxd6 Bxd6 17. Bg4 1-0